Państwa które pokonują Słowację - Statystyki

Ogólne statystyki
  • Ten quiz został rozwiązany 51 razy
  • Średni wynik to 13 z 15
Statystyki odpowiedzi
Ranking Kategoria Państwo % Poprawnych
2 Najdłuższa granica z Polską Czechy
100%
4 Najbardziej zaludnione państwo Europy zaczynające się na literę S Szwecja / Szwajcaria / Serbia
96%
11 Najbardziej wysunięty na wschód członek NATO Turcja / Rumunia / Łotwa / Finlandia / Estonia / Bułgaria / Grecja / Węgry / Litwa / Polska
96%
6 Największa grupa narodowa w Polsce Niemcy / Białoruś / Ukraina / Rosja / Litwa
93%
9 Największy odbiorca polskiego eksportu Niemcy / Czechy / Francja / Wielka Brytania / Włochy / Holandia / Rosja / Stany Zjednoczone
93%
12 Najczęściej zgadywane państwo w quizie "Państwa Europy" Polska / Niemcy / Rosja / Francja / Ukraina / Czechy / Hiszpania / Włochy / Białoruś / Litwa / Portugalia
93%
4 Najmniejszy sąsiad Austrii Liechtenstein / Słowenia / Szwajcaria
91%
11 Państwo Europy z największą liczbą zamków Niemcy / Francja / Wielka Brytania / Hiszpania / Czechy / Włochy / Portugalia / Austria / Polska / Rumunia
91%
21(remis) Najczęściej odwiedzane państwo przez papieży Polska / Stany Zjednoczone / Francja / Portugalia / Hiszpania / Meksyk / Brazylia / Niemcy / Szwajcaria / Malta / Australia / Austria / Chorwacja / Czechy / Filipiny / Izrael / Jordania / Kanada / Kenia / Kuba
91%
9 Najwięcej spożyć alkoholu w Europie Litwa / Czechy / Austria / Irlandia / Francja / Estonia / Luksemburg / Niemcy
89%
9 Państwo odwiedzające Węgry najczęściej Niemcy / Wielka Brytania / Austria / Rumunia / Stany Zjednoczone / Czechy / Polska / Włochy
87%
12 Pierwsze państwo zaczynające się na S w kolejności alfabetycznej Saint Kitts i Nevis / Saint Lucia / Saint Vincent i Grenadyny / Salwador / Samoa / San Marino / Senegal / Serbia / Seszele / Sierra Leone / Singapur
87%
9 Największe państwo które nie wygrało Eurowizji Maroko / Polska / Rumunia / Bułgaria / Węgry / Gruzja Chorwacja / Bośnia i Hercegowina
82%
2 Najbliższe niegraniczące państwo do Białorusi Estonia
76%
3 Państwo z najludniejszą stolicą zaczynającą się na B a kończącą na A Kolumbia / Brazylia
53%
Nie znaleziono quizów pasujących do podanych kryteriów
Rozkład punktacji
Procent ludzi z każdym wynikiem
Percentyl według liczby udzielonych odpowiedzi
Twoja historia wyników
Nie rozwiązałeś tego quizu